000 00645nam a2200253Ia 4500
003 OSt
005 20221006144904.0
006 a|||||r|||| 00| 0
007 ta
008 221006b |||||||| |||| 00| 0 eng d
020 _a0890930783
024 _a13,073
037 _cTextual
040 _aEASL
_cEASL
_beng
041 _2eng
_aeng
082 _aV41:51.M64, L6
100 _aWOLSON Andrew
_9653065
245 0 _aEver-victorious army
260 _aLondon
_bWillian Blackwood
_c1976
300 _a305p.
_ccm.
490 _v CEL
942 _hV41:51.M64, L6
_cTEXL
_2CC
999 _c1081159
_d1081159